000 00673nam a2200253Ia 4500
003 OSt
005 20220924130104.0
006 a|||||r|||| 00| 0
007 ta
008 220923b |||||||| |||| 00| 0 per d
020 _c23
024 _a326589
037 _cTextual
040 _aARTS
_cARTS
_bper
041 _2per
_aper
082 _aO164,1F45,1, J9
100 _aNafisi enged Au.
_9198547
245 0 _aDiwan-e-Fariduddin Attar
260 _aTehran
_bKitab khana-e-sanai Iran
_c1959
300 _a556p.
_ccm.
650 _aPERSIAN POETRY
942 _hO164,1F45,1, J9
_cTEXL
_2CC
999 _c424023
_d424023